| 000 | 00000nas##2200000za#4500 |
| 001 | 9.507159 |
| 003 | CaOODSP |
| 005 | 20200325101137 |
| 007 | cr ||||||||||| |
| 008 | 150406c1991||||xxc|| p o||||f| |0eng|d |
| 022 | |a1494-0329 |
| 040 | |aCaOODSP|beng |
| 043 | |an-cn--- |
| 086 | 1 |aM77-21E-PDF |
| 110 | 1 |aCanada.|bNatural Resources Canada. |bCanada Centre for Remote Sensing. |
| 245 | 10|aRemote sensing in Canada |h[electronic resource] |
| 260 | |aOttawa - Ontario : |bNatural Resources Canada. |
| 310 | |aQuarterly |
| 690 | 07|aNatural resources|2gcpds |
| 690 | 07|aRemote sensing|2gcpds |
| 775 | 08|tTélédétection au Canada |w(CaOODSP)9.503549 |
| 776 | 0#|tRemote sensing in Canada / |w(CaOODSP)9.508572 |
| 776 | 0#|tTélédétection au Canada / |w(CaOODSP)9.508573 |